[Event "Brackel- Erkenschwick"]
[Site "?"]
[Date "2023.03.05"]
[Round "6.8"]
[White "Tomasjan, Samuel"]
[Black "Sprietersbach, Kai"]
[Result "1/2-1/2"]
[WhiteElo "1861"]
[BlackElo "2244"]
[PlyCount "116"]
[SourceVersionDate "2023.06.22"]

1. e4 c6 2. d4 d5 3. exd5 cxd5 4. c4 Nf6 5. Nc3 Nc6 6. Bg5 Be6 7. Be2 h6 8.
Bxf6 exf6 9. Bf3 Bb4 10. Nge2 O-O 11. O-O Ne7 12. Nf4 Bxc3 13. bxc3 Qd6 14.
cxd5 Nxd5 15. Nxe6 fxe6 16. c4 Nf4 17. g3 Nh3+ 18. Kg2 Ng5 19. Bxb7 Rab8 20. c5
Qd7 21. c6 Qd5+ 22. f3 Nf7 23. Qb3 Nd6 24. Rab1 Nxb7 25. Qxd5 exd5 26. c7 Rbc8
27. Rxb7 Rf7 28. Rc1 a6 29. Rc5 Re7 30. Rb8 Ree8 31. Rb6 Re7 32. Rb8 Ree8 33.
Rxc8 Rxc8 34. Rxd5 Rxc7 35. Ra5 Rc4 36. d5 Rc2+ 37. Kh3 Rd2 38. a4 h5 39. g4
hxg4+ 40. Kxg4 Rxh2 41. Rxa6 Rd2 42. Ra5 Kf7 43. Kf5 g6+ 44. Ke4 Ke7 45. Ra7+
Kd6 46. Ra6+ Ke7 47. a5 Ra2 48. Re6+ Kf7 49. a6 Ra4+ 50. Kd3 g5 51. Rb6 Ke7 52.
Kc3 f5 53. Rh6 g4 54. fxg4 fxg4 55. Kd3 Ra2 56. Kc4 g3 57. Kb5 g2 58. Rg6 Kd7
1/2-1/2

[Event "Wattenscheid- Solingen 3"]
[Site "?"]
[Date "2023.03.05"]
[Round "6.1"]
[White "Zolfagharian, Kevin"]
[Black "Koscielski, Janusz"]
[Result "1-0"]
[WhiteElo "2219"]
[BlackElo "2263"]
[PlyCount "91"]
[SourceVersionDate "2023.06.22"]

1. e4 c6 2. d4 d5 3. e5 Bf5 4. g4 Be4 5. Nf3 e6 6. Be3 h5 7. gxh5 Rxh5 8. Nbd2
Bg6 9. Rg1 Ne7 10. Nb3 Nd7 11. Qd2 Qc7 12. O-O-O a5 13. a4 Qb6 14. Qe2 Nf5 15.
Ng5 Rxh2 16. Nh3 Nxe3 17. Qxe3 Qb4 18. Qg3 Rxh3 19. Bxh3 Bh5 20. Rde1 Qxa4 21.
Qg5 g6 22. f4 Qb4 23. f5 Qe7 24. Qxe7+ Kxe7 25. fxe6 fxe6 26. c3 a4 27. Nd2 Bh6
28. Kc2 a3 29. bxa3 Rxa3 30. Ra1 Rxa1 31. Rxa1 Bf4 32. Ra7 b6 33. Rc7 g5 34.
Rxc6 g4 35. Bf1 Bg6+ 36. Kd1 Bxd2 37. Kxd2 Be4 38. Bd3 g3 39. Bxe4 dxe4 40. Rc8
Nf8 41. Rc7+ Nd7 42. Ke3 Kd8 43. Ra7 b5 44. Rb7 Kc8 45. Rxb5 Kc7 46. Kxe4 1-0

[Event "Wattenscheid- Solingen 3"]
[Site "?"]
[Date "2023.03.05"]
[Round "6.2"]
[White "Schiffer, Kai- Uwe"]
[Black "Michalczak, Thomas"]
[Result "1/2-1/2"]
[WhiteElo "2278"]
[BlackElo "2261"]
[PlyCount "78"]
[SourceVersionDate "2023.06.22"]

1. e4 e5 2. Nf3 Nc6 3. Nc3 Nf6 4. Bb5 Nd4 5. O-O c6 6. Bd3 Nxf3+ 7. Qxf3 d6 8.
Be2 Be7 9. Qg3 O-O 10. d3 b5 11. f4 b4 12. Nb1 Ba6 13. fxe5 Nxe4 14. dxe4 Bxe2
15. Bh6 g6 16. Bxf8 Kxf8 17. Nd2 Bxf1 18. Rxf1 Kg8 19. Qf4 Qf8 20. exd6 Bxd6
21. e5 Bc5+ 22. Kh1 Rd8 23. Ne4 Be7 24. h4 h5 25. g4 hxg4 26. Qxg4 Qh6 27. Rf4
Kg7 28. Qf3 Rf8 29. Kg2 Bxh4 30. Nd6 f5 31. exf6+ Bxf6 32. Ne4 Rh8 33. Rxf6
Qh1+ 34. Kf2 Rh2+ 35. Ke3 Qc1+ 36. Kd4 Qxb2+ 37. Ke3 Qc1+ 38. Kd4 Qb2+ 39. Ke3
Qc1+ 1/2-1/2

[Event "Wattenscheid- Solingen 3"]
[Site "?"]
[Date "2023.03.05"]
[Round "6.3"]
[White "Kniest, Oliver"]
[Black "Franke, Johannes"]
[Result "1/2-1/2"]
[WhiteElo "2309"]
[BlackElo "2274"]
[PlyCount "48"]
[SourceVersionDate "2023.06.22"]

1. c4 c6 2. d4 Nf6 3. Nc3 d6 4. e4 Nbd7 5. Nf3 e5 6. Be2 Be7 7. O-O O-O 8. Be3
Ng4 9. Bd2 Re8 10. d5 Ngf6 11. Be3 Ng4 12. Bd2 Ngf6 13. h3 a6 14. Be3 c5 15.
Ne1 Nf8 16. Kh2 Ng6 17. Rg1 Nd7 18. Qd2 Ndf8 19. Nd3 Bd7 20. a4 f5 21. exf5
Bxf5 22. g4 Bxd3 23. Bxd3 Nh4 24. Be4 Nfg6 1/2-1/2

[Event "Wattenscheid- Solingen 3"]
[Site "?"]
[Date "2023.03.05"]
[Round "6.4"]
[White "Straeter, Timo"]
[Black "Wickenfeld, Stefan"]
[Result "1-0"]
[WhiteElo "2303"]
[BlackElo "2211"]
[PlyCount "73"]
[SourceVersionDate "2023.06.22"]

1. d4 d5 2. c4 c6 3. Nf3 Nf6 4. Qc2 e6 5. g3 Be7 6. Bg2 O-O 7. O-O b6 8. Nbd2
Bb7 9. e4 dxe4 10. Nxe4 Nbd7 11. Bf4 Nxe4 12. Qxe4 Nf6 13. Qc2 c5 14. Rad1 Be4
15. Qe2 Qc8 16. Bg5 Bb7 17. d5 h6 18. Bc1 exd5 19. Qxe7 Re8 20. Qd6 Re4 21. Nd2
Ne8 22. Nxe4 Nxd6 23. Nxd6 Qg4 24. h3 Qg6 25. Nxb7 dxc4 26. Nd8 Rc8 27. Rd7 Qf6
28. Rfd1 b5 29. Nxf7 Rf8 30. Bd5 Kh7 31. Be4+ Kg8 32. R1d6 Rxf7 33. Rxf6 Rxd7
34. Rf5 Rd1+ 35. Kg2 Rxc1 36. Rxc5 a6 37. Bg6 1-0

[Event "Wattenscheid- Solingen 3"]
[Site "?"]
[Date "2023.03.05"]
[Round "6.5"]
[White "Borchert, Stephan"]
[Black "Wengenroth, Walter"]
[Result "0-1"]
[WhiteElo "2076"]
[BlackElo "2280"]
[PlyCount "70"]
[SourceVersionDate "2023.06.22"]

1. e4 c5 2. Nf3 d6 3. d4 cxd4 4. Nxd4 Nf6 5. Nc3 Nc6 6. Bc4 Qb6 7. Nb3 e6 8.
Be3 Qc7 9. Qe2 Be7 10. O-O-O a6 11. f4 O-O 12. g4 b5 13. Bd3 Nb4 14. g5 Nd7 15.
f5 Nxd3+ 16. Rxd3 b4 17. f6 bxc3 18. Rxc3 Qd8 19. fxe7 Qxe7 20. Bd2 Ne5 21. Rh3
Bb7 22. Na5 Rfc8 23. Re1 g6 24. Qf2 Rab8 25. Qd4 Ba8 26. Rg3 Nd7 27. h4 e5 28.
Qa7 Qe6 29. Rb3 Rxb3 30. axb3 Nc5 31. Kb1 Bxe4 32. Bc3 d5 33. Rc1 d4 34. Bb4
Nxb3 35. Nxb3 Qxb3 0-1

[Event "Wattenscheid- Solingen 3"]
[Site "?"]
[Date "2023.03.05"]
[Round "6.6"]
[White "Sandkamp, Ralph"]
[Black "Auer, Martin"]
[Result "1-0"]
[WhiteElo "2219"]
[BlackElo "2231"]
[PlyCount "75"]
[SourceVersionDate "2023.06.22"]

1. e4 g6 2. d4 Bg7 3. Nc3 d6 4. Be3 a6 5. a4 Nf6 6. h3 O-O 7. g4 e5 8. Bg2 exd4
9. Bxd4 Nc6 10. Be3 Bd7 11. Nge2 h5 12. g5 Nh7 13. Qd2 b5 14. f4 Na5 15. Bd4
Nc4 16. Qc1 Bxd4 17. Nxd4 c5 18. Nde2 b4 19. Nd1 Bc6 20. O-O Qe7 21. b3 Bxe4
22. Bxe4 Qxe4 23. Rf2 Nb6 24. Ne3 Rae8 25. a5 Nc8 26. Ng2 Ne7 27. Ng3 Qd4 28.
Qf1 Qc3 29. Kh2 Nc6 30. Rd1 Re6 31. Qxa6 Nd4 32. Rd3 Qa1 33. f5 gxf5 34. Nf4 h4
35. Nge2 Nxe2 36. Nxe2 Rfe8 37. Rxd6 Rxe2 38. Rxe2 1-0

[Event "Wattenscheid- Solingen 3"]
[Site "?"]
[Date "2023.03.05"]
[Round "6.7"]
[White "Peschel, Andreas"]
[Black "Thiel, Thomas"]
[Result "1/2-1/2"]
[WhiteElo "2072"]
[BlackElo "2238"]
[PlyCount "61"]
[SourceVersionDate "2023.06.22"]

1. Nf3 Nf6 2. g3 g6 3. b3 Bg7 4. Bb2 O-O 5. d4 d6 6. Bg2 Nbd7 7. O-O e5 8. dxe5
Ng4 9. c4 Ngxe5 10. Nxe5 dxe5 11. Nc3 Re8 12. Qd2 Nc5 13. Qxd8 Rxd8 14. Rad1
Be6 15. Ba3 Bf8 16. Bxc5 Bxc5 17. Bxb7 Rab8 18. Rxd8+ Rxd8 19. Rd1 Rb8 20. Bf3
a5 21. Nb5 a4 22. Rd3 axb3 23. axb3 Bb6 24. Bc6 Kf8 25. Kg2 Ke7 26. Nc3 Ba5 27.
Nd5+ Kd6 28. Nb4+ Ke7 29. Nd5+ Kd6 30. Nb4+ Ke7 31. Nd5+ 1/2-1/2

[Event "Wattenscheid- Solingen 3"]
[Site "?"]
[Date "2023.03.05"]
[Round "6.8"]
[White "Hirsch, Stefan"]
[Black "Fichtner, Ewald"]
[Result "1/2-1/2"]
[WhiteElo "2124"]
[BlackElo "1991"]
[PlyCount "55"]
[SourceVersionDate "2023.06.22"]

1. e4 c6 2. d4 d5 3. e5 Bf5 4. Nd2 e6 5. Nb3 Nd7 6. c4 Bb4+ 7. Bd2 Bxd2+ 8.
Qxd2 Ne7 9. Nf3 O-O 10. Rc1 Ng6 11. cxd5 exd5 12. Be2 f6 13. exf6 Nxf6 14. O-O
Qd6 15. Nc5 Ne4 16. Nxe4 Bxe4 17. Rc3 Nf4 18. Ne1 Rae8 19. Bd1 Qh6 20. Kh1 Re6
21. f3 Bb1 22. Rc1 Bg6 23. g3 Qh3 24. Qf2 Nh5 25. Kg1 Rfe8 26. Ng2 Bd3 27. Re1
Ba6 28. Rxe6 1/2-1/2

[Event "Dortmund- Lieme"]
[Site "?"]
[Date "2023.03.05"]
[Round "6.1"]
[White "Schuh, Dirk"]
[Black "Klyuner, Vyacheslav"]
[Result "1/2-1/2"]
[WhiteElo "2363"]
[BlackElo "2429"]
[PlyCount "98"]
[SourceVersionDate "2023.06.22"]

1. e4 d6 2. d4 Nf6 3. Nc3 e5 4. dxe5 dxe5 5. Qxd8+ Kxd8 6. Bc4 Be6 7. Bxe6 fxe6
8. f3 Bd6 9. Nh3 Ke7 10. Nf2 Nc6 11. Nb1 b5 12. c3 Na5 13. Ke2 h6 14. Be3 Nc4
15. Nd3 Nxe3 16. Kxe3 c5 17. b3 Nd7 18. a4 a6 19. Nd2 Rhc8 20. Nb2 c4 21. bxc4
b4 22. cxb4 Bxb4 23. Rhc1 Nc5 24. Rab1 Bxd2+ 25. Kxd2 Nb3+ 26. Kc3 Nxc1 27.
Rxc1 a5 28. Nd3 Rab8 29. Nxe5 Rb4 30. Ra1 Rc7 31. f4 g5 32. g3 g4 33. Kc2 h5
34. Kc3 Ke8 35. Ra2 Rb1 36. Rf2 Re1 37. Kd4 Rd1+ 38. Kc3 Ke7 39. f5 Kf6 40. Nd3
Ra1 41. e5+ Kf7 42. fxe6+ Kxe6 43. Rf6+ Ke7 44. Nf4 Rc1+ 45. Kd3 R7xc4 46. Ng6+
Kd8 47. e6 R1c3+ 48. Kd2 Rc2+ 49. Kd3 R2c3+ 1/2-1/2

[Event "Dortmund- Lieme"]
[Site "?"]
[Date "2023.03.05"]
[Round "6.2"]
[White "Scholz, Christian"]
[Black "Niermann, Tristan"]
[Result "1/2-1/2"]
[WhiteElo "2335"]
[BlackElo "2314"]
[PlyCount "80"]
[SourceVersionDate "2023.06.22"]

1. d4 Nf6 2. c4 g6 3. Nc3 d5 4. cxd5 Nxd5 5. e4 Nxc3 6. bxc3 Bg7 7. Nf3 c5 8.
h3 O-O 9. Be2 Nc6 10. Be3 cxd4 11. cxd4 Qa5+ 12. Bd2 Qa3 13. d5 Ne5 14. Rb1
Nxf3+ 15. Bxf3 Qxa2 16. O-O a5 17. Re1 Qc4 18. Bg5 Qc7 19. Qe2 Be5 20. Rec1 Qd6
21. Be3 a4 22. Bc5 Qf6 23. Rc2 b5 24. Qe3 Bd7 25. Be2 Rfc8 26. Bxb5 Bxb5 27.
Rxb5 Qa6 28. Rb1 a3 29. Ra2 Rab8 30. Rxb8 Rxb8 31. f4 Rb1+ 32. Kh2 Qf1 33. Rf2
Qg1+ 34. Kg3 Bb2 35. Bxa3 Bxa3 36. Qxa3 Qe1 37. Qa8+ Kg7 38. Qa2 Qxe4 39. Re2
Rb3+ 40. Qxb3 Qxe2 1/2-1/2

[Event "Dortmund- Lieme"]
[Site "?"]
[Date "2023.03.05"]
[Round "6.3"]
[White "Wittke, Rene"]
[Black "Kotter, Ralf"]
[Result "1-0"]
[WhiteElo "2317"]
[BlackElo "2372"]
[Annotator "daniel"]
[PlyCount "109"]
[SourceVersionDate "2023.06.22"]

1. d4 Nf6 2. Nf3 e6 3. g3 c5 4. Bg2 Nc6 5. O-O cxd4 6. Nxd4 Qb6 7. Nb3 d5 8. a4
Be7 9. a5 Qd8 10. a6 O-O 11. axb7 Bxb7 12. Nc3 Nb4 13. Na5 Qc8 14. Nxb7 Qxb7
15. e4 Rac8 16. exd5 exd5 17. Re1 Rfd8 18. Be3 Bc5 19. Bxc5 Rxc5 20. Qd4 Rdc8
21. Re2 h6 22. Bh3 R8c7 23. Rae1 Kf8 24. Bd7 Rxd7 25. Qxc5+ Kg8 26. Nb5 Na6 27.
Qxa7 Qxb5 28. Qd4 Nc7 29. Rd2 Ne6 30. Qe5 Qc6 31. Ra1 Rd8 32. c3 Nc5 33. Ra7
Re8 34. Qc7 Qxc7 35. Rxc7 Nce4 36. Re2 Rb8 37. b4 d4 38. cxd4 Rxb4 39. Rc8+ Kh7
40. Rd8 Ng5 41. Re7 Rb2 42. h4 Nh3+ 43. Kf1 Rxf2+ 44. Ke1 Rf3 45. Rxf7 Rxg3 46.
d5 Nf4 47. d6 Ne6 48. Ra8 Rd3 49. Raa7 Kg6 50. d7 Rd5 51. Re7 Kf5 52. Ra6 Nd8
53. Rxg7 Ne6 54. Re7 Nd8 55. Rg7 {ZÜ} 1-0

[Event "Dortmund- Lieme"]
[Site "?"]
[Date "2023.03.05"]
[Round "6.4"]
[White "Sundorf, Jannik"]
[Black "Bentel, Robin"]
[Result "1/2-1/2"]
[WhiteElo "2182"]
[BlackElo "2226"]
[PlyCount "119"]
[SourceVersionDate "2023.06.22"]

1. d4 Nf6 2. c4 g6 3. Nf3 Bg7 4. g3 c6 5. Bg2 d5 6. cxd5 cxd5 7. Nc3 O-O 8. O-O
Nc6 9. Ne5 Ne4 10. Nxc6 bxc6 11. Nxe4 dxe4 12. Bxe4 Qxd4 13. Qxd4 Bxd4 14. Rd1
Bg7 15. Bxc6 Rb8 16. Bg5 Be6 17. Bxe7 Rfc8 18. Bd7 Rc2 19. Bxe6 fxe6 20. Ba3
Rxe2 21. Kf1 Rc2 22. Rac1 Rxc1 23. Rxc1 Bxb2 24. Bxb2 Rxb2 25. Rc8+ Kg7 26.
Rc7+ Kf6 27. Rxa7 h5 28. h4 e5 29. Ra5 e4 30. a4 Ra2 31. Ke1 Ke6 32. Rg5 Kf6
33. a5 Rb2 34. Kf1 Ra2 35. Rc5 Ke6 36. Rb5 Kf6 37. Rg5 Rb2 38. Rc5 Ra2 39. Rc6+
Kf5 40. a6 Ra1+ 41. Ke2 Ra3 42. Rb6 Ra2+ 43. Ke3 Ra3+ 44. Kd4 Ra2 45. Kc4 Rxf2
46. Rb5+ Kg4 47. Ra5 e3 48. Kd3 Rf8 49. a7 Ra8 50. Kxe3 Kxg3 51. Ra4 g5 52.
hxg5 h4 53. g6 h3 54. g7 h2 55. Ra1 Kg2 56. Kf4 h1=Q 57. Rxh1 Kxh1 58. Kf5 Kg2
59. Kf6 Kg3 60. Kf7 1/2-1/2

[Event "Dortmund- Lieme"]
[Site "?"]
[Date "2023.03.05"]
[Round "6.5"]
[White "Himpenmacher, Andy"]
[Black "Linker, Walter"]
[Result "1-0"]
[WhiteElo "2212"]
[BlackElo "2044"]
[PlyCount "55"]
[SourceVersionDate "2023.06.22"]

1. Nf3 f5 2. d4 Nf6 3. Bf4 e6 4. e3 b6 5. Be2 Bb7 6. O-O Be7 7. c4 O-O 8. Nc3
Ne4 9. Nxe4 Bxe4 10. Nd2 Bb7 11. Bf3 Nc6 12. d5 Na5 13. a3 c5 14. Rb1 Rc8 15.
b4 cxb4 16. axb4 d6 17. bxa5 g5 18. dxe6 Bxf3 19. Qxf3 gxf4 20. axb6 axb6 21.
Qxf4 Rc5 22. Nb3 Re5 23. Nd4 Qc7 24. Rb4 Re4 25. Qf3 d5 26. Rb5 Qxc4 27. Nxf5
Bc5 28. Qg3+ 1-0

[Event "Dortmund- Lieme"]
[Site "?"]
[Date "2023.03.05"]
[Round "6.6"]
[White "Krueger, Simon"]
[Black "Schaffarczyk, Andre"]
[Result "0-1"]
[WhiteElo "1987"]
[BlackElo "2151"]
[PlyCount "80"]
[SourceVersionDate "2023.06.22"]

1. d4 d5 2. Nf3 Nf6 3. g3 e6 4. c4 Be7 5. Bg2 O-O 6. O-O dxc4 7. Nbd2 Nc6 8.
Nxc4 Rb8 9. Nce5 Nxe5 10. Nxe5 Nd7 11. Qc2 Nxe5 12. dxe5 c5 13. Be4 h6 14. Rd1
Qc7 15. Rd3 b6 16. Rc3 Ba6 17. Ra3 Bb5 18. f4 Rbd8 19. g4 Qd7 20. Rh3 Qd1+ 21.
Kf2 c4 22. Qxd1 Rxd1 23. g5 Bc5+ 24. e3 Rfd8 25. gxh6 g6 26. Bf3 R1d7 27. b4
Bxb4 28. Rb1 Bd2 29. f5 Bxc1 30. Rxc1 Rd2+ 31. Kg3 exf5 32. Kf4 Kh7 33. a4 Ba6
34. e4 fxe4 35. Bxe4 R8d4 36. e6 f5 37. Ke5 Rxe4+ 38. Kf6 Rde2 39. Rd1 Rxe6+
40. Kf7 Re7+ 0-1

[Event "Dortmund- Lieme"]
[Site "?"]
[Date "2023.03.05"]
[Round "6.7"]
[White "Krallmann, Matthias"]
[Black "Zelt, Jens"]
[Result "1-0"]
[WhiteElo "2160"]
[BlackElo "2098"]
[Annotator "daniel"]
[PlyCount "76"]
[SourceVersionDate "2023.06.22"]

1. d4 d6 2. g3 c6 3. Bg2 Nd7 4. Nf3 e5 5. c4 Qc7 6. Nc3 Ngf6 7. O-O Be7 8. e4
O-O 9. Qc2 Re8 10. Rd1 Nf8 11. Rb1 Ng6 12. b4 h6 13. h3 Bf8 14. Be3 b6 15. Qb3
Bd7 16. Rbc1 Qb7 17. a4 a6 18. Kh2 Rac8 19. Rd2 Rc7 20. Rdc2 Rec8 21. Rd2 Be6
22. Rdc2 $11 b5 23. Bf1 bxc4 24. Bxc4 d5 25. exd5 cxd5 26. Be2 Bf5 27. Rb2 Ne4
28. Nxe4 Rxc1 29. Bxc1 Rxc1 30. Nc5 Bxc5 31. bxc5 Qxb3 32. Rxb3 Rc2 33. Re3 e4
34. Ne1 Ra2 35. Bxa6 Rxa4 36. Bb7 Rxd4 37. Rc3 Rd2 38. c6 Rxf2+ {ZÜ} 1-0

[Event "Dortmund- Lieme"]
[Site "?"]
[Date "2023.03.05"]
[Round "6.8"]
[White "Werner, Patrick"]
[Black "Wolf, Andre"]
[Result "1/2-1/2"]
[WhiteElo "1868"]
[BlackElo "2095"]
[PlyCount "35"]
[SourceVersionDate "2023.06.22"]

1. Nf3 Nf6 2. g3 b5 3. Bg2 Bb7 4. O-O e6 5. d3 d5 6. Nbd2 Be7 7. c3 O-O 8. Qc2
Nbd7 9. e4 dxe4 10. dxe4 e5 11. Re1 Re8 12. Nf1 Bf8 13. Bg5 h6 14. Bxf6 Qxf6
15. Rad1 Rad8 16. Ne3 c6 17. Rd2 h5 18. Red1 1/2-1/2

[Event "Bochum- Elberfeld"]
[Site "?"]
[Date "2023.03.05"]
[Round "6.1"]
[White "Odendahl, Reiner"]
[Black "Zatonskih, Anna"]
[Result "1/2-1/2"]
[WhiteElo "2306"]
[BlackElo "2337"]
[PlyCount "34"]
[SourceVersionDate "2023.06.22"]

1. Nf3 d5 2. g3 Nf6 3. Bg2 e6 4. c4 d4 5. e3 c5 6. exd4 cxd4 7. d3 Nc6 8. O-O
Bd6 9. Na3 Bxa3 10. bxa3 O-O 11. Re1 Re8 12. Bf4 Qa5 13. Ne5 Ne7 14. Qc1 Nh5
15. Bd2 Qc7 16. Qd1 Nf6 17. Bf4 Qa5 1/2-1/2

[Event "Bochum- Elberfeld"]
[Site "?"]
[Date "2023.03.05"]
[Round "6.2"]
[White "Friedmann, Rafael"]
[Black "Volkov, Mykyta"]
[Result "1/2-1/2"]
[WhiteElo "2423"]
[BlackElo "2251"]
[PlyCount "25"]
[SourceVersionDate "2023.06.22"]

1. e4 e6 2. d4 d5 3. exd5 exd5 4. Bd3 Nc6 5. c3 Bd6 6. Qf3 Be6 7. Ne2 Qd7 8. h3
Nge7 9. Bf4 Bf5 10. Bxd6 Bxd3 11. Qxd3 Qxd6 12. Nd2 O-O 13. O-O 1/2-1/2

[Event "Bochum- Elberfeld"]
[Site "?"]
[Date "2023.03.05"]
[Round "6.3"]
[White "Dresen, Ulrich"]
[Black "Illner, Achim"]
[Result "1/2-1/2"]
[WhiteElo "2172"]
[BlackElo "2449"]
[PlyCount "49"]
[SourceVersionDate "2023.06.22"]

1. d4 Nf6 2. Nf3 e6 3. Bf4 c5 4. e3 d5 5. c3 Bd6 6. Nbd2 O-O 7. Bd3 Bxf4 8.
exf4 Nc6 9. dxc5 Qc7 10. g3 e5 11. fxe5 Nxe5 12. Nxe5 Qxe5+ 13. Qe2 Qc7 14.
O-O-O Re8 15. Qf1 Qxc5 16. Nb3 Qb6 17. Nd4 Bd7 18. f3 Rac8 19. Qf2 Qc5 20. Rhe1
b5 21. Rxe8+ Nxe8 22. Kb1 Nd6 23. Qd2 g6 24. Qf4 Re8 25. Nb3 1/2-1/2

[Event "Bochum- Elberfeld"]
[Site "?"]
[Date "2023.03.05"]
[Round "6.4"]
[White "Heinbuch, Detlef"]
[Black "Hintze, Helge"]
[Result "1/2-1/2"]
[WhiteElo "2255"]
[BlackElo "2242"]
[PlyCount "96"]
[SourceVersionDate "2023.06.22"]

1. c4 e5 2. g3 Nf6 3. Bg2 d5 4. cxd5 Nxd5 5. Nc3 Nb6 6. Nf3 Nc6 7. O-O Be7 8.
Rb1 a5 9. d3 Be6 10. Be3 Nd5 11. Bd2 O-O 12. a3 Nxc3 13. Bxc3 Bf6 14. Nd2 a4
15. Bxc6 bxc6 16. Ne4 Be7 17. Bxe5 Bh3 18. f4 f5 19. Nd2 Bc5+ 20. Rf2 Be3 21.
Nc4 Bxf2+ 22. Kxf2 Qd5 23. Ne3 Qd7 24. Rc1 Rfe8 25. Qc2 Re6 26. Qc5 Qf7 27. Qd4
Rae8 28. Rc5 Qh5 29. Qc4 Bg4 30. Rxc6 Qxh2+ 31. Ng2 Kf7 32. Rxc7+ R8e7 33.
Rxe7+ Kxe7 34. Qc7+ Ke8 35. Qc8+ Ke7 36. Qb7+ Ke8 37. Qa8+ Kf7 38. Qb7+ Re7 39.
Qd5+ Re6 40. Qd7+ Re7 41. Qxa4 Bh3 42. Qc4+ Re6 43. Qd5 g5 44. e3 Qh1 45. Qd7+
Re7 46. Qd5+ Re6 47. Qd7+ Re7 48. Qd5+ Re6 1/2-1/2

[Event "Bochum- Elberfeld"]
[Site "?"]
[Date "2023.03.05"]
[Round "6.5"]
[White "Kurr, Gerd"]
[Black "Zozulia, Anna"]
[Result "1/2-1/2"]
[WhiteElo "2210"]
[BlackElo "2236"]
[PlyCount "89"]
[SourceVersionDate "2023.06.22"]

1. d4 Nf6 2. Nf3 g6 3. c4 Bg7 4. Nc3 O-O 5. e4 d6 6. Be2 Bg4 7. Be3 c6 8. O-O
Nbd7 9. Nd2 Bxe2 10. Qxe2 e5 11. d5 a5 12. a3 a4 13. Rfb1 c5 14. Qd1 Qa5 15. b4
axb3 16. Nb5 Ne8 17. a4 Qd8 18. Rxb3 f5 19. f3 Qh4 20. Nc3 b6 21. Qe1 Qxe1+ 22.
Rxe1 Nc7 23. Ra1 f4 24. Bf2 Rfc8 25. Nb5 Bf8 26. Nxc7 Rxc7 27. Rba3 Be7 28. Be1
Kf7 29. Nb1 Nf6 30. Nc3 Ne8 31. Kf1 Rb7 32. Nb5 Nc7 33. Nxc7 Rxc7 34. Ke2 Rca7
35. Kd3 Ke8 36. Kc2 Kd7 37. Kb3 Kc7 38. Bd2 Kd7 39. a5 bxa5 40. Rxa5 Rxa5 41.
Rxa5 Rxa5 42. Bxa5 Bh4 43. Ka4 Bf2 44. Kb5 Bg1 45. h3 1/2-1/2

[Event "Bochum- Elberfeld"]
[Site "?"]
[Date "2023.03.05"]
[Round "6.6"]
[White "Zatonskih, Vitaly"]
[Black "Noetzel, Frank"]
[Result "1/2-1/2"]
[WhiteElo "2249"]
[BlackElo "2232"]
[PlyCount "52"]
[SourceVersionDate "2023.06.22"]

1. e4 e5 2. Nf3 Nc6 3. Nc3 Nf6 4. d4 exd4 5. Nxd4 Bb4 6. Nxc6 bxc6 7. Bd3 d5 8.
exd5 cxd5 9. O-O O-O 10. Bg5 c6 11. Ne2 Bd6 12. Nd4 c5 13. Nf5 Be5 14. c3 h6
15. Bh4 Bxf5 16. Bxf5 d4 17. f4 Bc7 18. Bf2 Qd5 19. Bc2 dxc3 20. bxc3 Bxf4 21.
Qxd5 Nxd5 22. Be4 Rad8 23. Bxc5 Be3+ 24. Bxe3 Nxe3 25. Rfe1 Nc4 26. Re2 Rfe8
1/2-1/2

[Event "Bochum- Elberfeld"]
[Site "?"]
[Date "2023.03.05"]
[Round "6.7"]
[White "Tymura, Achim"]
[Black "Kiese, Matthias"]
[Result "1/2-1/2"]
[WhiteElo "2039"]
[BlackElo "2157"]
[PlyCount "39"]
[SourceVersionDate "2023.06.22"]

1. e4 c5 2. Nf3 d6 3. d4 cxd4 4. Nxd4 Nf6 5. Nc3 a6 6. Be2 e5 7. Nb3 Be7 8. Be3
Be6 9. f3 O-O 10. Qd2 Nbd7 11. O-O-O b5 12. g4 b4 13. Nd5 Bxd5 14. exd5 Nb6 15.
Bxb6 Qxb6 16. Qd3 Nd7 17. h4 a5 18. Nd2 Nc5 19. Qe3 Na4 20. Qxb6 1/2-1/2

[Event "Bochum- Elberfeld"]
[Site "?"]
[Date "2023.03.05"]
[Round "6.8"]
[White "Golinka, Oleksandr"]
[Black "Werbeck, Torsten"]
[Result "1-0"]
[WhiteElo "2180"]
[BlackElo "2013"]
[PlyCount "63"]
[SourceVersionDate "2023.06.22"]

1. Nf3 Nf6 2. g3 g6 3. Bg2 Bg7 4. d3 c5 5. O-O O-O 6. e4 Nc6 7. Re1 d6 8. c3
Bg4 9. h3 Bxf3 10. Qxf3 Rb8 11. a4 a6 12. Qe2 Qd7 13. Be3 Ne8 14. Nd2 Nc7 15.
a5 b5 16. axb6 Rxb6 17. Nc4 Rb5 18. Bc1 Rfb8 19. f4 Rb3 20. g4 e6 21. Rf1 d5
22. Nd2 R3b6 23. f5 exf5 24. exd5 Nxd5 25. Nc4 R6b7 26. gxf5 Re8 27. Qf3 Rd8
28. Rxa6 Ne5 29. Qxd5 Qxd5 30. Bxd5 Rxd5 31. Ra8+ Bf8 32. Nxe5 1-0

[Event "Godesberg- Oberhausen"]
[Site "?"]
[Date "2023.03.05"]
[Round "6.1"]
[White "Becker, Marcel"]
[Black "Wigger, Jochen"]
[Result "1/2-1/2"]
[WhiteElo "2322"]
[BlackElo "2324"]
[PlyCount "101"]
[SourceVersionDate "2023.06.22"]

1. d4 d5 2. c4 c6 3. Nf3 Nf6 4. Nc3 a6 5. Qc2 b5 6. e4 dxc4 7. b3 cxb3 8. axb3
e6 9. Bd3 Be7 10. O-O Bb7 11. Bd2 h6 12. e5 Nd5 13. Ne4 Nd7 14. Nc5 Nxc5 15.
dxc5 a5 16. Ra2 O-O 17. Be4 Qc7 18. Bxd5 cxd5 19. c6 Qxc6 20. Qxc6 Bxc6 21.
Rxa5 Rxa5 22. Bxa5 Bd7 23. Rc1 Ra8 24. b4 Rc8 25. Rxc8+ Bxc8 26. Nd4 Bd7 27. f4
f6 28. Kf2 Kf7 29. Kf3 g5 30. g3 gxf4 31. gxf4 Kg6 32. Kg4 fxe5 33. fxe5 h5+
34. Kg3 Bg5 35. Bb6 Be7 36. Ba5 Bf8 37. Kf3 Bg7 38. Bc7 Bh6 39. Bd6 Bd2 40. Bc5
Bc3 41. Kf4 Bb2 42. Ne2 Be8 43. Nd4 Bc1+ 44. Kf3 Bd7 45. Bd6 Bb2 46. Bc5 Bxd4
47. Bxd4 Kg5 48. Bf2 h4 49. Ke3 Be8 50. Kd4 h3 51. Bg3 1/2-1/2

[Event "Godesberg- Oberhausen"]
[Site "?"]
[Date "2023.03.05"]
[Round "6.2"]
[White "Koehler, Christian"]
[Black "Hort, Vlastimil"]
[Result "1/2-1/2"]
[WhiteElo "2190"]
[BlackElo "2328"]
[PlyCount "25"]
[SourceVersionDate "2023.06.22"]

1. d4 Nf6 2. Nf3 e6 3. c3 b6 4. Bf4 Bb7 5. Nbd2 Be7 6. h3 O-O 7. e3 c5 8. Bd3
d5 9. Qb1 cxd4 10. exd4 Ba6 11. Bxa6 Nxa6 12. O-O Nb8 13. Ne5 1/2-1/2

[Event "Godesberg- Oberhausen"]
[Site "?"]
[Date "2023.03.05"]
[Round "6.3"]
[White "Alkhazashvili, Ololi"]
[Black "Rybarczyk, Klaus"]
[Result "0-1"]
[WhiteElo "2199"]
[BlackElo "2149"]
[Annotator "daniel"]
[PlyCount "104"]
[SourceVersionDate "2023.06.22"]

1. e4 c5 2. Nf3 d6 3. Bb5+ Nd7 4. d4 cxd4 5. Qxd4 a6 6. Ba4 e5 7. Qd1 h6 8. c4
Ngf6 9. Nc3 Be7 10. O-O O-O 11. h3 Nb6 12. Bb3 Qc7 13. Qe2 Be6 $11 14. Nd5
Nbxd5 15. exd5 Bf5 16. Be3 Nd7 17. Rfc1 Nc5 18. Bc2 Bxc2 19. Rxc2 a5 20. Bxc5
Qxc5 21. Nd2 Qc7 22. a4 f5 23. Ra3 b6 24. Rb3 Rab8 25. Rb5 Bg5 26. Nf1 e4 27.
Qe1 Rbe8 28. b4 axb4 29. Qxb4 Bd8 30. Qb3 f4 31. Re2 e3 32. fxe3 f3 33. Rf2
fxg2 34. Rxg2 Rf3 35. Qd3 Bg5 36. Rbb2 Qe7 37. Rbf2 Rxh3 38. Qf5 Rh4 39. a5
Rxc4 40. axb6 Rc1 41. Rf3 Bxe3+ 42. Kh1 Bxb6 43. Rg6 Re1 44. Qh3 Qe4 45. Qg2
Qh4+ 46. Rh3 Qd4 47. Rhg3 Qh4+ 48. Rh3 Qe7 49. Rhg3 Bd4 50. Rf3 Rf8 51. Rg4 Ba1
52. Kh2 Re2 0-1

[Event "Godesberg- Oberhausen"]
[Site "?"]
[Date "2023.03.05"]
[Round "6.5"]
[White "Nissen, Claus"]
[Black "Brandt, Sebastian"]
[Result "0-1"]
[WhiteElo "2191"]
[BlackElo "2166"]
[PlyCount "42"]
[SourceVersionDate "2023.06.22"]

1. d4 d5 2. Nf3 e6 3. c4 c6 4. Qc2 Nd7 5. Bf4 Ngf6 6. h3 Ne4 7. Nbd2 f5 8. e3
g5 9. Nxe4 gxf4 10. Nc3 fxe3 11. O-O-O Nf6 12. Ne5 Bh6 13. Kb1 O-O 14. fxe3
Bxe3 15. g4 Kh8 16. Qe2 Bf4 17. Rg1 Ne4 18. gxf5 exf5 19. Qh5 Nxc3+ 20. bxc3
Bxe5 21. dxe5 Qb6+ 0-1